<?xml version="1.0" encoding="UTF-8"?>
<record
    xmlns:xsi="http://www.w3.org/2001/XMLSchema-instance"
    xsi:schemaLocation="http://www.loc.gov/MARC21/slim http://www.loc.gov/standards/marcxml/schema/MARC21slim.xsd"
    xmlns="http://www.loc.gov/MARC21/slim">

  <leader>05470cam a2200637 i 4500</leader>
  <controlfield tag="001">3217</controlfield>
  <controlfield tag="003">FISKH</controlfield>
  <controlfield tag="005">20240220112037.0</controlfield>
  <controlfield tag="008">150319s2014    wauab  c b    001 0 eng d</controlfield>
  <datafield tag="010" ind1=" " ind2=" ">
    <subfield code="a">  2015300640</subfield>
  </datafield>
  <datafield tag="020" ind1=" " ind2=" ">
    <subfield code="a">9780076647835</subfield>
    <subfield code="q">(Student edition) 2014)</subfield>
  </datafield>
  <datafield tag="020" ind1=" " ind2=" ">
    <subfield code="a">0076647838</subfield>
    <subfield code="q">(Student edition)</subfield>
  </datafield>
  <datafield tag="020" ind1=" " ind2=" ">
    <subfield code="a">9780076647521</subfield>
    <subfield code="q">(Teacher edition) 2014)</subfield>
  </datafield>
  <datafield tag="020" ind1=" " ind2=" ">
    <subfield code="a">0076647528</subfield>
    <subfield code="q">(Teacher edition)</subfield>
  </datafield>
  <datafield tag="020" ind1=" " ind2=" ">
    <subfield code="a">9780076594764</subfield>
    <subfield code="q">(Reading Essentials &amp; Study Guide/Student Workbook) 2013)</subfield>
  </datafield>
  <datafield tag="020" ind1=" " ind2=" ">
    <subfield code="a">0076594769</subfield>
    <subfield code="q">(Reading Essentials &amp; Study Guide/Student Workbook) 2013)</subfield>
  </datafield>
  <datafield tag="020" ind1=" " ind2=" ">
    <subfield code="a">9780076594771</subfield>
    <subfield code="q">(Spanish Reading Essentials &amp; Study Guide/Student Workbook) 2013)</subfield>
  </datafield>
  <datafield tag="020" ind1=" " ind2=" ">
    <subfield code="a">0076594777</subfield>
    <subfield code="q">(Spanish Reading Essentials &amp; Study Guide/Student Workbook) 2013)</subfield>
  </datafield>
  <datafield tag="020" ind1=" " ind2=" ">
    <subfield code="a">9780076594757</subfield>
    <subfield code="q">(Reading Essentials &amp; Study Guide - Answer Key) 2013)</subfield>
  </datafield>
  <datafield tag="020" ind1=" " ind2=" ">
    <subfield code="a">0076594750</subfield>
    <subfield code="q">(Reading Essentials &amp; Study Guide - Answer Key) 2013)</subfield>
  </datafield>
  <datafield tag="020" ind1=" " ind2=" ">
    <subfield code="a">9780076594788</subfield>
    <subfield code="q">(Lecturas Fundamentales Y Guia De Estudio - Clave de respuesta) 2013)</subfield>
  </datafield>
  <datafield tag="020" ind1=" " ind2=" ">
    <subfield code="a">0076594785</subfield>
    <subfield code="q">(Lecturas Fundamentales Y Guia De Estudio - Clave de respuesta) 2013)</subfield>
  </datafield>
  <datafield tag="020" ind1=" " ind2=" ">
    <subfield code="a">9780076641284</subfield>
    <subfield code="q">(Chapter Tests and Lesson Quizzes)</subfield>
  </datafield>
  <datafield tag="020" ind1=" " ind2=" ">
    <subfield code="a">0076641287</subfield>
    <subfield code="q">(Chapter Tests and Lesson Quizzes)</subfield>
  </datafield>
  <datafield tag="035" ind1=" " ind2=" ">
    <subfield code="a">(OCoLC)ocn868541747</subfield>
  </datafield>
  <datafield tag="040" ind1=" " ind2=" ">
    <subfield code="a">PHADU</subfield>
    <subfield code="b">eng</subfield>
    <subfield code="c">PHADU</subfield>
    <subfield code="d">OCLCO</subfield>
    <subfield code="d">OCLCF</subfield>
    <subfield code="d">OCLCQ</subfield>
    <subfield code="d">OCLCO</subfield>
    <subfield code="d">DLC</subfield>
  </datafield>
  <datafield tag="042" ind1=" " ind2=" ">
    <subfield code="a">lccopycat</subfield>
  </datafield>
  <datafield tag="050" ind1="0" ind2="0">
    <subfield code="a">D21.S755 2014</subfield>
  </datafield>
  <datafield tag="082" ind1="0" ind2="0">
    <subfield code="a">909</subfield>
    <subfield code="2">23</subfield>
  </datafield>
  <datafield tag="100" ind1="1" ind2=" ">
    <subfield code="a">Spielvogel, Jackson J.,</subfield>
    <subfield code="d">1939-</subfield>
  </datafield>
  <datafield tag="245" ind1="1" ind2="0">
    <subfield code="a">Discovering our past :</subfield>
    <subfield code="b">a history of the world /</subfield>
    <subfield code="c">Jackson J. Spielvogel, Ph.D.</subfield>
  </datafield>
  <datafield tag="260" ind1=" " ind2=" ">
    <subfield code="a">United States : </subfield>
    <subfield code="b">McGraw-Hill Education,</subfield>
    <subfield code="c">2014.</subfield>
  </datafield>
  <datafield tag="300" ind1=" " ind2=" ">
    <subfield code="a">880 pages :</subfield>
    <subfield code="b">color illustrations, maps ;</subfield>
    <subfield code="c">29 cm</subfield>
  </datafield>
  <datafield tag="336" ind1=" " ind2=" ">
    <subfield code="a">text</subfield>
    <subfield code="b">txt</subfield>
    <subfield code="2">rdacontent</subfield>
  </datafield>
  <datafield tag="337" ind1=" " ind2=" ">
    <subfield code="a">unmediated</subfield>
    <subfield code="b">n</subfield>
    <subfield code="2">rdamedia</subfield>
  </datafield>
  <datafield tag="338" ind1=" " ind2=" ">
    <subfield code="a">volume</subfield>
    <subfield code="b">nc</subfield>
    <subfield code="2">rdacarrier</subfield>
  </datafield>
  <datafield tag="505" ind1="0" ind2=" ">
    <subfield code="a">Chapter 1: What Does a Historian Do? -- Chapter 2: Studying Geography, Economics, and Citizenship -- Chapter 3: Early Humans and the Agricultural Revolution -- Chapter 4: Mesopotamia -- Chapter 5: Ancient Egypt and Kush -- Chapter 6: The Israelites -- Chapter 7: The ancient Greeks -- Chapter 8: Greek civilization -- Chapter 9: Ancient India -- Chapter 10: Early China -- Chapter 11: Rome: Republic to Empire -- Chapter 12: Roman Civilization -- Chapter 13: The Rise of Christianity -- Chapter 14: Islamic Civilization -- Chapter 15: African Civilizations -- Chapter 16: The Americas -- Chapter 17: Imperial China -- Chapter 18: Civilizations of Korea, Japan, and Southeast Asia -- Chapter 19: Medieval Europe -- Chapter 20: Renaissance and Reformation -- Chapter 21: Age of Exploration and Trade -- Chapter 22: The Scientific Revolution and the Enlightenment -- Chapter 23: Political and Industrial Revolutions -- Chapter 24: Imperialism and World War I -- Chapter 25: World War II and the Cold War -- Chapter 26: Building Today's World.</subfield>
  </datafield>
  <datafield tag="505" ind1="0" ind2=" ">
    <subfield code="a">Student Edition -- Teacher Edition -- Reading Essentials &amp; Study Guide/Student Workbook -- Spanish Reading Essentials &amp; Study Guide/Student Workbook -- Reading Essentials &amp; Study Guide -- Answer Key -- Lecturas Fundamentales Y Guia De Estudio -- Clave de respuesta -- Chapter Tests and Lesson Quizzes.</subfield>
  </datafield>
  <datafield tag="520" ind1=" " ind2=" ">
    <subfield code="a">Discovering Our Past: A History of the World connects today's students to the stories of our past with the first truly integrated print and digital middle school world history curriculum. McGraw-Hill networks: A Social Studies Learning System combines print resources grounded in solid pedagogy with a full suite of teaching and learning tools for a flexible, customized learning experience. Focus on the Essential Questions with an accessible student text built around Enduring Understanding and NCSS Standards. Bring the stories of the ages to life with with The Story Matters chapter openers, Biography features, Step Into Place maps and Step Into Time timelines. Maximize comprehension with built-in reading strategies, vocabulary support, Visual Literacy activities, and Guided Questions. Build critical thinking and historical analysis skills with Thinking Like a Historian, It Matters Because, What Do You Think, and Connections to Today. Customize the learning experience with differentiated instruction, leveled reading, customizable assessments and worksheets, and flexible online learning tools. Connect to core World History content with an accessible, student-friendly text built on the principles of Understanding by Design. - Publisher.</subfield>
  </datafield>
  <datafield tag="546" ind1=" " ind2=" ">
    <subfield code="a">Glossary in English and Spanish.</subfield>
  </datafield>
  <datafield tag="546" ind1=" " ind2=" ">
    <subfield code="a">Student Reading Essentials &amp; Study Guides and Answer Keys in English and Spanish.</subfield>
  </datafield>
  <datafield tag="650" ind1=" " ind2="0">
    <subfield code="a">World history</subfield>
    <subfield code="v">Textbooks.</subfield>
  </datafield>
  <datafield tag="650" ind1=" " ind2="0">
    <subfield code="a">History, Ancient</subfield>
    <subfield code="v">Textbooks.</subfield>
  </datafield>
  <datafield tag="650" ind1=" " ind2="0">
    <subfield code="a">History</subfield>
    <subfield code="x">Study and teaching (Middle school)</subfield>
  </datafield>
  <datafield tag="650" ind1=" " ind2="0">
    <subfield code="a">History</subfield>
    <subfield code="x">Study and teaching (Secondary)</subfield>
  </datafield>
  <datafield tag="650" ind1=" " ind2="0">
    <subfield code="a">World history</subfield>
    <subfield code="x">Study and teaching (Secondary)</subfield>
  </datafield>
  <datafield tag="650" ind1=" " ind2="0">
    <subfield code="a">World history</subfield>
    <subfield code="x">Study and teaching (Secondary)</subfield>
    <subfield code="v">Textbooks.</subfield>
  </datafield>
  <datafield tag="650" ind1=" " ind2="7">
    <subfield code="a">History, Ancient.</subfield>
    <subfield code="2">fast</subfield>
    <subfield code="0">(OCoLC)fst00958352</subfield>
  </datafield>
  <datafield tag="650" ind1=" " ind2="7">
    <subfield code="a">History</subfield>
    <subfield code="x">Study and teaching (Middle school)</subfield>
    <subfield code="2">fast</subfield>
    <subfield code="0">(OCoLC)fst00958325</subfield>
  </datafield>
  <datafield tag="650" ind1=" " ind2="7">
    <subfield code="a">History</subfield>
    <subfield code="x">Study and teaching (Secondary)</subfield>
    <subfield code="2">fast</subfield>
    <subfield code="0">(OCoLC)fst00958328</subfield>
  </datafield>
  <datafield tag="650" ind1=" " ind2="7">
    <subfield code="a">World history.</subfield>
    <subfield code="2">fast</subfield>
    <subfield code="0">(OCoLC)fst01181345</subfield>
  </datafield>
  <datafield tag="650" ind1=" " ind2="7">
    <subfield code="a">World history</subfield>
    <subfield code="x">Study and teaching (Secondary)</subfield>
    <subfield code="2">fast</subfield>
    <subfield code="0">(OCoLC)fst01181360</subfield>
  </datafield>
  <datafield tag="655" ind1=" " ind2="7">
    <subfield code="a">Textbooks.</subfield>
    <subfield code="2">fast</subfield>
    <subfield code="0">(OCoLC)fst01423863</subfield>
  </datafield>
  <datafield tag="906" ind1=" " ind2=" ">
    <subfield code="a">7</subfield>
    <subfield code="b">cbc</subfield>
    <subfield code="c">copycat</subfield>
    <subfield code="d">2</subfield>
    <subfield code="e">ncip</subfield>
    <subfield code="f">20</subfield>
    <subfield code="g">y-gencatlg</subfield>
  </datafield>
  <datafield tag="942" ind1=" " ind2=" ">
    <subfield code="2">ddc</subfield>
    <subfield code="c">BK</subfield>
    <subfield code="n">0</subfield>
  </datafield>
  <datafield tag="999" ind1=" " ind2=" ">
    <subfield code="c">3217</subfield>
    <subfield code="d">3217</subfield>
  </datafield>
  <datafield tag="952" ind1=" " ind2=" ">
    <subfield code="0">0</subfield>
    <subfield code="1">0</subfield>
    <subfield code="2">ddc</subfield>
    <subfield code="4">0</subfield>
    <subfield code="7">0</subfield>
    <subfield code="8">NFIC</subfield>
    <subfield code="a">001</subfield>
    <subfield code="b">001</subfield>
    <subfield code="c">ATKSNF</subfield>
    <subfield code="d">2024-02-20</subfield>
    <subfield code="l">1</subfield>
    <subfield code="o">SPI 909 D21.S755 2014</subfield>
    <subfield code="p">2024-0085</subfield>
    <subfield code="r">2024-06-11 13:49:03</subfield>
    <subfield code="s">2024-02-21</subfield>
    <subfield code="t">1</subfield>
    <subfield code="w">2024-02-20</subfield>
    <subfield code="y">BK</subfield>
  </datafield>
  <datafield tag="952" ind1=" " ind2=" ">
    <subfield code="0">0</subfield>
    <subfield code="1">0</subfield>
    <subfield code="2">ddc</subfield>
    <subfield code="4">0</subfield>
    <subfield code="7">0</subfield>
    <subfield code="8">NFIC</subfield>
    <subfield code="a">002</subfield>
    <subfield code="b">002</subfield>
    <subfield code="c">SNS</subfield>
    <subfield code="d">2024-02-20</subfield>
    <subfield code="l">0</subfield>
    <subfield code="o">SPI 909 D21.S755 2014</subfield>
    <subfield code="p">FISSE04448</subfield>
    <subfield code="r">2025-01-17 11:12:36</subfield>
    <subfield code="t">2</subfield>
    <subfield code="w">2024-02-20</subfield>
    <subfield code="y">BK</subfield>
  </datafield>
  <datafield tag="952" ind1=" " ind2=" ">
    <subfield code="0">0</subfield>
    <subfield code="1">0</subfield>
    <subfield code="2">ddc</subfield>
    <subfield code="4">0</subfield>
    <subfield code="7">0</subfield>
    <subfield code="8">NFIC</subfield>
    <subfield code="a">002</subfield>
    <subfield code="b">002</subfield>
    <subfield code="c">SNS</subfield>
    <subfield code="d">2025-03-21</subfield>
    <subfield code="l">0</subfield>
    <subfield code="o">SPI 909 D21.S755 2014</subfield>
    <subfield code="p">2025-0799</subfield>
    <subfield code="r">2025-03-21 11:10:35</subfield>
    <subfield code="t">3</subfield>
    <subfield code="w">2025-03-21</subfield>
    <subfield code="y">BK</subfield>
  </datafield>
  <datafield tag="952" ind1=" " ind2=" ">
    <subfield code="0">0</subfield>
    <subfield code="1">0</subfield>
    <subfield code="2">ddc</subfield>
    <subfield code="4">0</subfield>
    <subfield code="7">0</subfield>
    <subfield code="8">NFIC</subfield>
    <subfield code="a">002</subfield>
    <subfield code="b">002</subfield>
    <subfield code="c">SNS</subfield>
    <subfield code="d">2025-03-21</subfield>
    <subfield code="l">0</subfield>
    <subfield code="o">SPI 909 D21.S755 2014</subfield>
    <subfield code="p">2025-0800</subfield>
    <subfield code="r">2025-03-21 11:13:22</subfield>
    <subfield code="t">4</subfield>
    <subfield code="w">2025-03-21</subfield>
    <subfield code="y">BK</subfield>
  </datafield>
  <datafield tag="952" ind1=" " ind2=" ">
    <subfield code="0">0</subfield>
    <subfield code="1">0</subfield>
    <subfield code="2">ddc</subfield>
    <subfield code="4">0</subfield>
    <subfield code="7">0</subfield>
    <subfield code="8">NFIC</subfield>
    <subfield code="a">002</subfield>
    <subfield code="b">002</subfield>
    <subfield code="c">SNS</subfield>
    <subfield code="d">2025-03-21</subfield>
    <subfield code="l">0</subfield>
    <subfield code="o">SPI 909 D21.S755 2014</subfield>
    <subfield code="p">2025-0801</subfield>
    <subfield code="r">2025-03-21 11:13:59</subfield>
    <subfield code="t">5</subfield>
    <subfield code="w">2025-03-21</subfield>
    <subfield code="y">BK</subfield>
  </datafield>
  <datafield tag="952" ind1=" " ind2=" ">
    <subfield code="0">0</subfield>
    <subfield code="1">0</subfield>
    <subfield code="2">ddc</subfield>
    <subfield code="4">0</subfield>
    <subfield code="7">0</subfield>
    <subfield code="8">NFIC</subfield>
    <subfield code="a">002</subfield>
    <subfield code="b">002</subfield>
    <subfield code="c">SNS</subfield>
    <subfield code="d">2025-08-15</subfield>
    <subfield code="l">0</subfield>
    <subfield code="o">SPI 909 D21.S755 2014</subfield>
    <subfield code="p">2025-4114</subfield>
    <subfield code="r">2025-08-15 13:51:48</subfield>
    <subfield code="t">6</subfield>
    <subfield code="w">2025-08-15</subfield>
    <subfield code="y">BK</subfield>
  </datafield>
</record>
